| 000 | 00516nam a22001817a 4500 | ||
|---|---|---|---|
| 999 |
_c187644 _d187644 |
||
| 005 | 20220426173412.0 | ||
| 010 | _aENG-132407 | ||
| 020 |
_a9789385883446 _c245.00 |
||
| 035 | _aEN-115939 | ||
| 037 | _bDBAD/PUB | ||
| 082 | _a881 | ||
| 100 | _aDash, Rabinarayan | ||
| 245 |
_aMirrored Dew/ _cRabinarayan Dash |
||
| 260 |
_aDelhi _bStudera Press _c2017 |
||
| 270 |
_a1586/113, FF, Tri Nagar _bDelhi _e110035 _minfo@studerapress.com |
||
| 300 |
_aix, 96p. _c22cm(pbk) |
||
| 942 |
_2ddc _cEN _h881 _mDAS |
||